Слънчеви знаци (Запис номер 98779)
[ съкратено ]
| 000 -Лидер | |
|---|---|
| Лидер | 01170nam a2200337 a 4500 |
| 003 - Код на организацията, давaща контролен номер | |
| Код на организацията, даваща контролен номер | BLK |
| 005 - Дата и час на последна редакция | |
| Дата и час на последна редакция | 20250527124437.0 |
| 008 - Елементи от данни с фиксирана дължина | |
| Елементи с фиксирана дължина | 180409b bul|||||r ||||||| ||bul|| |
| 010 ## - Наследен системен номер | |
| LC control number | KNG00103730000 |
| 020 ## - Международен стандартен номер на книга ISBN | |
| ISBN | 9548061503 |
| 040 ## - Източник на каталожния запис | |
| Код на библиотеката | BLK |
| 041 ## - Код за език | |
| Език | Български |
| Език за КДБФ | Български |
| 080 ## - УДК | |
| УДК текст | Астрология |
| УДК код | 133.52 |
| УДК – код + определител | 133.52 |
| 100 1# - Редна дума - Автор | |
| Автор | Гудман, Линда |
| R(LIN) | 259110 |
| 245 10 - Сведения за заглавието | |
| Заглавие | Слънчеви знаци |
| Авторска отговорност | Линда Гудман ; прев. от англ. Георги Анастасов. |
| 250 ## - Област на изданието | |
| Поредност на изданието | Ново изд. |
| 257 ## - Страна на издаване | |
| Страна на създаване/издаване | Съединени американски щати |
| 260 ## - Област на издателските данни | |
| Място на издаване | София |
| Име на издателя | Светулка-44 |
| Година на издаване | 1997 |
| Печатница | София : Илинда-Евтимов |
| 300 ## - Физическа характеристика | |
| Брой страници | 476 с. |
| Илюстрации | с табл. |
| Размер | 20 см |
| 380 ## - Жанр | |
| Жанр | Философия |
| 500 ## - Общи забележки | |
| Обща забележка | Ориг. загл. Sun Signs / Linda Goodman. - Офс. изд. |
| 650 #4 - Допълнително описание по предмет – тема | |
| Предметна рубрика | Астрология |
| 9 (RLIN) | 147757 |
| 653 ## - Ключова дума – ненормативна | |
| Ключови думи | зодии |
| 700 1# - Други автори (авторска отговорност) | |
| Друг автор | Анастасов, Георги |
| Авт. отговорност на др. автор | прев. от англ. |
| 9 (RLIN) | 364356 |
| 852 ## - Местоположение | |
| Сигнатура (форматна) | Цб 213228 |
| Отдел | Хранилище |
| 856 4# - Електронен адрес и достъп | |
| Електронен формат | pdf - файл |
| 856 4# - Електронен адрес и достъп | |
| Електронен формат | pdf - файл |
| 942 ## - АРТИКУЛИ | |
| Вид на библиотечния документ | Книги |
| Скрит в OPAC | Не |
| Koha issues (borrowed), all copies | 5 |
| 944 ## - СЪЗДАВАНЕ И РЕДАКЦИЯ на ЗАПИСА | |
| Създаване/Редакция | Редакция |
| Дата на регистрацията/редакция | 2023 |
| Служител, извършил регистрацията/редакцията | 30531 |
| Номер на служител | Цветелина Шанова |
| 999 ## - СИСТЕМНИ КОНТРОЛНИ НОМЕРА | |
| Koha biblionumber | 98779 |
| Koha biblioitemnumber | 98779 |
| Код за отписване | Код за изгубен артикул | Код за повреда | Коз за рестрикции | Код за отдаване | Артикулен № | Име на библиотеката - собственик | Име на библиотеката, в която се намира в момента | Статус (Текущо местоположение) | Дата на вписване в системата | Местоположение - отдел | Цена в лева | Инвентарен номер | Систематично азбучна сигнатура | Баркод | Номер на екземпляра | Цена в евро | Служебна бележка | Служебен тип на артикула | Източник на класификационната схема |
|---|---|---|---|---|---|---|---|---|---|---|---|---|---|---|---|---|---|---|---|
| Не е изгубен | Не е повреден | без рестрикции | ползва се в читалня | 158948 | Регионална библиотека "Любен Каравелов" Русе | Регионална библиотека "Любен Каравелов" Русе | Хранилище | 2002-11-27 | Хранилище | 5.00 | 120000673495 | Цб 213228 | 120000673495 | 1 | 2.56 | Дост: Dp Вид: Д N: 13 Дата: 19.03.2002 | Книги | ||
| Не е изгубен | Не е повреден | заемане за дома | 931423 | Регионална библиотека "Любен Каравелов" Русе | Регионална библиотека "Любен Каравелов" Русе | Заемна - подръчен фонд | 2023-07-21 | Заемна - подръчен фонд | 12.00 | 120000890594 | 13/Г 91 Л | 120000890594 | 6.14 | Книги | Universal Decimal Classification |